<?xml version="1.0" encoding="UTF-8"?>
<record
    xmlns:xsi="http://www.w3.org/2001/XMLSchema-instance"
    xsi:schemaLocation="http://www.loc.gov/MARC21/slim http://www.loc.gov/standards/marcxml/schema/MARC21slim.xsd"
    xmlns="http://www.loc.gov/MARC21/slim">

  <leader>00925nam1a22002531i 4500</leader>
  <controlfield tag="001">RU\NLR\INFOCOMM_161\5000087664</controlfield>
  <controlfield tag="005">20240726061600.0</controlfield>
  <datafield tag="035" ind1=" " ind2=" ">
    <subfield code="a">(NLR Aleph) 009343669</subfield>
  </datafield>
  <datafield tag="090" ind1=" " ind2=" ">
    <subfield code="a">9528317</subfield>
    <subfield code="c">9528317</subfield>
  </datafield>
  <datafield tag="100" ind1=" " ind2=" ">
    <subfield code="a">20101031d1935    |||y0rusy50      ba</subfield>
  </datafield>
  <datafield tag="101" ind1="0" ind2=" ">
    <subfield code="a">gre</subfield>
    <subfield code="f">gre</subfield>
  </datafield>
  <datafield tag="102" ind1=" " ind2=" ">
    <subfield code="a">RU</subfield>
  </datafield>
  <datafield tag="105" ind1=" " ind2=" ">
    <subfield code="a">a   ||||000|y</subfield>
  </datafield>
  <datafield tag="200" ind1="1" ind2=" ">
    <subfield code="a">&#x88;...&#x89; Anagnostiko gia to archiko skolio</subfield>
    <subfield code="e">Ekdosi 3</subfield>
    <subfield code="f">E. &#x393;. Fortunatova</subfield>
  </datafield>
  <datafield tag="210" ind1=" " ind2=" ">
    <subfield code="a">Rostob-Nton</subfield>
    <subfield code="c">Komunistis</subfield>
    <subfield code="d">1935</subfield>
  </datafield>
  <datafield tag="215" ind1=" " ind2=" ">
    <subfield code="a">1 &#x442;.</subfield>
    <subfield code="c">&#x438;&#x43B;., &#x43F;&#x43E;&#x440;&#x442;&#x440;.</subfield>
    <subfield code="d">22 &#x441;&#x43C;</subfield>
  </datafield>
  <datafield tag="300" ind1=" " ind2=" ">
    <subfield code="a">&#x422;&#x438;&#x442;. &#x43B;. &#x438; &#x442;&#x435;&#x43A;&#x441;&#x442; &#x43D;&#x430; &#x433;&#x440;&#x435;&#x447;. &#x44F;&#x437;.</subfield>
  </datafield>
  <datafield tag="300" ind1=" " ind2=" ">
    <subfield code="a">&#x41D;&#x430; 4-&#x439; &#x441;. &#x43E;&#x431;&#x43B;.: &#x415;. &#x42F;. &#x424;&#x43E;&#x440;&#x442;&#x443;&#x43D;&#x430;&#x442;&#x43E;&#x432;&#x430;. &#x41A;&#x43D;&#x438;&#x433;&#x430; &#x434;&#x43B;&#x44F; &#x447;&#x442;&#x435;&#x43D;&#x438;&#x44F; &#x434;&#x43B;&#x44F; &#x43D;&#x430;&#x447;&#x430;&#x43B;&#x44C;&#x43D;&#x43E;&#x439; &#x448;&#x43A;&#x43E;&#x43B;&#x44B;</subfield>
  </datafield>
  <datafield tag="700" ind1=" " ind2="1">
    <subfield code="9">z02790</subfield>
    <subfield code="a">Fortunatova</subfield>
    <subfield code="b">E. J.</subfield>
    <subfield code="g">Elena Jakovlevna</subfield>
    <subfield code="4">070</subfield>
  </datafield>
  <datafield tag="790" ind1=" " ind2="1">
    <subfield code="9">z02700</subfield>
    <subfield code="a">Fortunatova</subfield>
    <subfield code="b">E. ?.</subfield>
    <subfield code="4">070</subfield>
  </datafield>
  <datafield tag="801" ind1=" " ind2="1">
    <subfield code="a">RU</subfield>
    <subfield code="b">NLR</subfield>
    <subfield code="c">20101031</subfield>
  </datafield>
  <datafield tag="801" ind1=" " ind2="0">
    <subfield code="a">RU</subfield>
    <subfield code="b">NLR</subfield>
    <subfield code="g">PSBO</subfield>
  </datafield>
  <datafield tag="852" ind1=" " ind2=" ">
    <subfield code="a">NLR</subfield>
    <subfield code="j">D18/172</subfield>
    <subfield code="y">2 &#x44D;&#x43A;&#x437;.</subfield>
  </datafield>
  <datafield tag="942" ind1=" " ind2=" ">
    <subfield code="c">BOOK</subfield>
  </datafield>
</record>
